000
00338nam a2200145Ia 4500
008
150301s2013 xx 000 0 und d
082
_a
616.5
_b
I13P
100
_a
PASRICHA, JS
245
_a
ILLUSTRATED TB. OF DERMATOLOGY
250
_a
4TH
260
_b
JAYPEE
_a
DELHI
_c
2013
300
_a
191
650
_a
DERMATOLOGY
942
_2
ddc
_c
BK
999
_c
6569
_d
6569